000 01025dam2a22002531 4500
001 v19\rc\2012819
005 20250620002354.0
035 _a(NLR Aleph) 005094380
090 _a7330141
_c7330141
100 _a20080925d1902 |||y0rusy50 ca
101 0 _arus
102 _aRU
105 _ay z |||||
200 1 _aПовторительный курс сопротивления материалов ...
_fСост. инж.-технолог Г.Л. Г-г
210 _d1902
_aБ. м.
422 0 _12001#$aПрактик-монтер$v1902, окт.
_tПрактик-монтер
461 0 _1001v19\rc\2012809
_12001#$aДомашняя библиотека техника$e№ 1-$v№ 10
_97330042
_cСанкт-Петербург
_d1902-1904
_n"Центр." типо-лит.
_o№ 1-
_tДомашняя библиотека техника
_v№ 10
702 1 _aГ-г
_bГ.Л.
_4220
801 0 _aRU
_bNLR
_gpsbo
801 1 _aRU
_bProSoft-M
_2rusmarc
852 _aNLR
_j45/14
942 _cBOOK
980 _aNB